[Event "La Pobla de Lillet op-B 30th"]
[Site "La Pobla de Lillet"]
[Date "2021.08.06"]
[Round "5"]
[White "Reyes, Guillermo Carlos"]
[Black "Escofet Llongueras, Joan"]
[Result "0-1"]
[WhiteElo "1519"]
[BlackElo "1662"]
[PlyCount "55"]
[EventDate "2021.08.02"]
[EventType "swiss"]
[EventRounds "9"]
[EventCountry "ESP"]
[SourceTitle "EXT 2022"]
[Source "ChessBase"]
[SourceDate "2021.10.06"]
[SourceVersion "1"]
[SourceVersionDate "2021.10.06"]
[SourceQuality "1"]

1. e4 e6 2. d4 d5 3. Bd3 Nf6 4. Bg5 Be7 5. e5 Nfd7 6. Bxe7 Qxe7 7. Nf3 Qb4+ 8. Nbd2 Qxb2 9. 0-0 c5 10. c4 cxd4 11. cxd5 exd5 12. Qa4 Qb6 13. Rab1 Qe6 14. Nxd4 Qh6 15. e6 fxe6 16. Nxe6 Kf7 17. Qg4 Qxe6 18. Bf5 Qd6 19. Nf3 Rf8 20. Ng5+ Kg8 21. Be6+ Kh8 22. Qh5 Nf6 23. Nf7+ Rxf7 24. Qxf7 Bxe6 25. Qxb7 Qc6 26. Qe7 Qe8 27. Qd6 Nbd7 28. Rfe1 0-1

[Event "La Pobla de Lillet op-B 29th"]
[Site "La Pobla de Lillet"]
[Date "2019.08.09"]
[Round "8"]
[White "Reyes, Guillermo Carlos"]
[Black "Camprubi Juanola, Jordi"]
[Result "0-1"]
[WhiteElo "1700"]
[BlackElo "1553"]
[PlyCount "40"]
[EventDate "2019.08.02"]
[EventType "swiss"]
[EventRounds "9"]
[EventCountry "ESP"]
[SourceTitle "EXT 2022"]
[Source "ChessBase"]
[SourceDate "2021.10.06"]
[SourceVersion "1"]
[SourceVersionDate "2021.10.06"]
[SourceQuality "1"]

1. e4 d6 2. d4 Nf6 3. Nc3 c6 4. Bc4 g6 5. Nge2 Bg7 6. f3 Nbd7 7. Be3 e5 8. Qd2 h6 9. f4 Ng4 10. fxe5 Nxe3 11. Qxe3 dxe5 12. d5 Qb6 13. Qf3 Nf6 14. 0-0-0 0-0 15. h3 a5 16. dxc6 bxc6 17. Rd6 Qc5 18. Qd3 Kh7 19. Rd8 Rxd8 20. Qxd8 Qxc4 0-1